|
|
|
|
| LEADER |
00000nam0a2200000 4500 |
| 001 |
350735 |
| 005 |
20231102010331.0 |
| 035 |
|
|
|a (RuTPU)RU\TPU\retro\4997
|
| 090 |
|
|
|a 350735
|
| 100 |
|
|
|a 20190226d1962 k y0rusy50 ca
|
| 101 |
0 |
|
|a rus
|
| 102 |
|
|
|a RU
|
| 105 |
|
|
|a a dm 001zy
|
| 200 |
1 |
|
|a Исследование некоторых вопросов дислокационной теории температурно-скоростной зависимости пластичной стали
|e автореферат диссертации на соискание ученой степени кандидата физико-математических наук
|f В. Г. Савицкий
|g Томский государственный университет (ТГУ) ; науч. рук. К. В. Попов
|
| 210 |
|
|
|a Томск
|c [Б. и.]
|d 1962
|
| 215 |
|
|
|a 17 с.
|c ил.
|
| 317 |
|
|
|5 63413507: КР-6086
|a Поступил в НТБ в 1987 г. в дар от вдовы ученого Е. К. Завадовской
|
| 320 |
|
|
|a Библиогр.: с. 17 (9 назв.)
|
| 606 |
1 |
|
|a Сталь
|x Пластичность при высоких температурах
|2 stltpush
|3 (RuTPU)RU\TPU\subj\56345
|9 74256
|
| 610 |
1 |
|
|a прочностные свойства
|
| 610 |
1 |
|
|a пластические свойства
|
| 610 |
1 |
|
|a деформирование
|
| 610 |
1 |
|
|a температурные влияния
|
| 610 |
1 |
|
|a скорость
|
| 610 |
1 |
|
|a скоростные влияния
|
| 610 |
1 |
|
|a металлы
|
| 610 |
1 |
|
|a сплавы
|
| 610 |
1 |
|
|a пластическое течение
|
| 610 |
1 |
|
|a авторефераты диссертаций
|
| 610 |
1 |
|
|a библиотека А. А. Воробьева
|
| 610 |
1 |
|
|a дары библиотеке
|
| 675 |
|
|
|a 669.14:53(04)
|v 4
|
| 700 |
|
1 |
|a Савицкий
|b В. Г.
|
| 702 |
|
1 |
|a Попов
|b К. В.
|4 727
|
| 712 |
0 |
2 |
|a Томский государственный университет (ТГУ)
|2 stltpush
|3 (RuTPU)RU\TPU\col\397
|
| 801 |
|
1 |
|a RU
|b 63413507
|c 20190226
|
| 801 |
|
2 |
|a RU
|b 63413507
|c 20190429
|g RCR
|
| 942 |
|
|
|c BK
|